000 01072nam a2200205 i 4500
001 26551
003 ES-MaACL
005 20230906153448.0
007 t|
008 030109m19551984sp a e 00110 spa d
245 0 0 _aEnciclopedia Labor.
260 _aBarcelona :
_bLabor,
_c1955-1984.
300 _a11 v. :
_bil. col. y n. ;
_c26 cm.
505 8 _aContiene: 1. El universo y la tierra (XLVII, 832 p.) - 2. La materia y la energía (XLVII, 949 p.) - 3. La vida (XXIV, 978 p.) - 4. El hombre y la tierra (XXXIX, 973 p.) - 5. El hombre a través del tiempo (2 v.: XXI, 795 p. ; XXVIII, 924 p.) - 6. Lenguaje y matemáticas (XXVIII, 925 p.) - 7. La literatura, la música (XL, 1152 p.) - 8. Las artes, los deportes, los juegos (LIII, 851 p.) - 9. La sociedad, el pensamiento, Dios (XL, 880 p.) - 10. Avances del saber (XXIX, 1067 p.)
650 _aEnciclopedias.
_912235
852 _aES-MaACL
_jP-377-ter
_z- T. 5 (2 v.)
852 _aES-MaACL
_jB-13871
_z- T. 9
852 _aES-MaACL
_jC-36904
_z- T. 10
852 _aES-MaACL
_jC-30103-12 bis
999 _c26551
_d26551